Регионална библиотека "Любен Каравелов" - Русе

Мълчаливецът (Запис номер 6235)

MARC детайли
000 -Лидер
Контролно поле с фиксирана дължина 01639nam a2200361 c 4500
003 - Код на организацията, давaща контролен номер
Контролно поле BLK
005 - Дата и час на последна редакция
Контролно поле 20241025005437.0
008 - Елементи от данни с фиксирана дължина
fixed length control field 180412b bul|||||r ||||||| ||bul||
010 ## - Наследен системен номер
LC control number KNG00007459000
020 ## - Международен стандартен номер на книга ISBN
Международен стандартен номер на книга ISBN 954-604-117-3
-- издат.: Иван Вазов
040 ## - Източник на каталожния запис
Идентификатор на билиотеката - собственик на записа BLK
041 ## - Код за език
Код за езика на текст/звукозапис или на отделно заглавие Български
Код за езика КДБФ Български
080 ## - УДК
Текстов определител УДК Българска литература
УДК код - определител по УДК 821.163.2
УДК определител (092)
УДК - код + определител 821.163.2(092)
080 ## - УДК
Текстов определител УДК Български писател
УДК код - определител по УДК 929 Йовков, Йордан Стефанов
УДК определител
УДК - код + определител 929 Йовков, Йордан Стефанов
100 ## - Редна дума - Автор
Автор Дафинов, Здравко Недялков
Дати, свързани с автора 1913-2008
R(LIN) 364997
139 ## - Редно поле
Редна дума Дафинов, Здравко Недялков
Авторски знак Иовк - И 77
245 10 - Сведения за заглавието
Заглавие Мълчаливецът
Подзаглавни данни Докум. хроника за живота и творчеството на Йордан Йовков
Редно поле (дума) Здравко Недялков Дафинов.
257 ## - Страна на издаване
Страна на създаване/издаване България
260 ## - Област на издателските данни
-- София
Име на издателя, разпространителя и проч. Иван Вазов
Година на издаване 2001
Печатница София : АСИ-Панчо Цекин
300 ## - Физическа характеристика
Страници 591 с.
Илюстрации и др. с портр.
Размери/Мащаб 20 см
380 ## - Жанр
Жанр Литературознание
500 ## - Общи забележки
Забележка Библиогр. под линия.
600 #0 - Име на лице, използвано като предмет
За него / За нея Йовков, Йордан Стефанов
Свързани дати 1880-1937
Друга информация Писател класик - белетрист, драматург, майстор на късия разказ
9 (RLIN) 363298
650 #0 - Допълнително описание по предмет – тема
Основно описание – тема или топоним Писатели, български
9 (RLIN) 241944
653 ## - Ключова дума – ненормативна
Ключова дума български писатели
653 ## - Ключова дума – ненормативна
Ключова дума спомени
852 ## - Местоположение
Форматна сигнатура Цб 214002
856 4# - Електронен адрес и достъп
Електронен формат pdf - файл
Път до файла /url/
856 4# - Електронен адрес и достъп
Електронен формат pdf - файл
Път до файла /url/
942 ## - АРТИКУЛИ
Вид на библиотечния материал Книги
Скрит в OPAC Не
944 ## - СЪЗДАВАНЕ И РЕДАКЦИЯ на ЗАПИСА
Създаване/Редакция Създаване
Дата на регистрацията/редакция 10.02.2003
Служител, извършил регистрацията/редакцията
Статус, дата на статуса CRON CRON
944 ## - СЪЗДАВАНЕ И РЕДАКЦИЯ на ЗАПИСА
Създаване/Редакция Редакция
Дата на регистрацията/редакция 22.11.2004
Служител, извършил регистрацията/редакцията
999 ## - СИСТЕМНИ КОНТРОЛНИ НОМЕРА
Koha biblionumber 6235
Koha biblioitemnumber 6235
Наличности
Код за отписване Код за изгубен артикул Източник на класификационната схема Код за повреда Коз за рестрикции Код за отдаване Артикулен № Име на библиотеката - собственик Име на библиотеката, в която се намира в момента Статус (Текущо местоположение) Дата на вписване в системата Местоположение - отдел Цена в лева Инвентарен номер Систематично азбучна сигнатура Баркод Номер на екземпляра Цена в евро Служебна бележка Служебен тип на артикула
  Не е изгубен Universal Decimal Classification Не е повреден без рестрикции ползва се в читалня 10920 Регионална библиотека "Любен Каравелов" Русе Регионална библиотека "Любен Каравелов" Русе Хранилище 2003-02-10 Хранилище 10.20 120000674652 Цб 214002 120000674652 1 5.22 Дост: Dp Вид: Д N: 19 Дата: 24.04.2002 Книги
Vip Innovations Ltd, Rousse, Bulgaria 2025